[Event "Bundesliga 9596"]
[Site "Deutschland"]
[Date "1996.??.??"]
[Round "?.7"]
[White "Gass, Ulrich"]
[Black "Schlingensiepen, Christian"]
[Result "0-1"]
[WhiteElo "2114"]
[BlackElo "2305"]
[PlyCount "58"]
[EventDate "1995.10.??"]
[EventType "team"]
[EventRounds "15"]
[EventCountry "GER"]
[SourceTitle "Bundesliga 9596"]
[Source "DeepChess"]
[SourceDate "2005.01.01"]
[SourceVersion "1"]
[SourceVersionDate "2005.01.01"]
[SourceQuality "1"]
[WhiteTeam "SV Tuebingen 1870 e.V."]
[BlackTeam "SK Passau 1869"]
[WhiteTeamCountry "GER"]
[BlackTeamCountry "GER"]

1. e4 e5 2. Nf3 Nc6 3. Bb5 f5 4. d3 fxe4 5. dxe4 Nf6 6. Bg5 Bb4+ 7. c3 Bc5 8.
Nbd2 d6 9. b4 Bb6 10. Qa4 Bd7 11. Bxf6 Qxf6 12. Nc4 O-O 13. Nxb6 axb6 14. Qb3+
Kh8 15. O-O Qg6 16. c4 Qxe4 17. c5 bxc5 18. bxc5 Qg6 19. Qe3 Nd4 20. Nxd4 exd4
21. Qb3 Bf5 22. Rac1 dxc5 23. Rxc5 c6 24. Be2 Rae8 25. Bf3 Bd3 26. Bh5 Qe4 27.
Bxe8 Bxf1 28. Kxf1 Rxe8 29. g3 Qh1# 0-1

[Event "Bundesliga 9596"]
[Site "Deutschland"]
[Date "1996.??.??"]
[Round "?.1"]
[White "Rozentalis, Eduardas"]
[Black "Van der Sterren, Paul"]
[Result "1-0"]
[WhiteElo "2605"]
[BlackElo "2535"]
[PlyCount "167"]
[EventDate "1995.10.??"]
[EventType "team"]
[EventRounds "15"]
[EventCountry "GER"]
[SourceTitle "Bundesliga 9596"]
[Source "DeepChess"]
[SourceDate "2005.01.01"]
[SourceVersion "1"]
[SourceVersionDate "2005.01.01"]
[SourceQuality "1"]
[WhiteTeam "SK Zaehringen 1921"]
[BlackTeam "SV Castrop Rauxel 1923"]
[WhiteTeamCountry "GER"]
[BlackTeamCountry "GER"]

1. e4 e5 2. Nf3 Nc6 3. Bb5 a6 4. Bxc6 dxc6 5. Nc3 f6 6. d4 exd4 7. Nxd4 c5 8.
Nde2 Qxd1+ 9. Nxd1 Bd7 10. Bf4 O-O-O 11. Ne3 Re8 12. Nc3 Bc6 13. f3 Ne7 14.
O-O-O Ng6 15. Bg3 Ne5 16. Ncd5 b5 17. c4 Bxd5 18. Rxd5 g6 19. Bxe5 Rxe5 20.
Rxe5 fxe5 21. Kc2 Bd6 22. Rd1 Kd7 23. Rd3 Ra8 24. Nf1 Ke6 25. Nd2 c6 26. Rc3
Ra7 27. Nb3 Ra8 28. Na5 Bc7 29. Nb3 Bb6 30. a3 Kd6 31. a4 Rb8 32. Nc1 b4 33.
Rd3+ Ke6 34. Nb3 Rf8 35. Kd2 Ke7 36. Ke2 Rf6 37. h4 Rf8 38. Rd1 Rf6 39. Nc1 Bc7
40. Nd3 Bd6 41. b3 Ke6 42. Rh1 a5 43. g3 Rf7 44. Ke3 h5 45. f4 Rg7 46. Rg1 Rg8
47. Rf1 Rf8 48. Rf3 Rg8 49. Rf1 Rf8 50. Rg1 Rg8 51. fxe5 Bxe5 52. Nxc5+ Kd6 53.
Nd3 g5 54. Nxe5 Kxe5 55. Rf1 gxh4 56. gxh4 Ke6 57. Rf3 Rg4 58. Kd4 Rxh4 59. Kc5
Rxe4 60. Kxc6 h4 61. c5 Rg4 62. Rh3 Rg3 63. Rxh4 Rxb3 64. Rh6+ Ke7 65. Rh7+ Ke6
66. Ra7 Rh3 67. Rxa5 Rh8 68. Kb7 Rh7+ 69. Kb6 b3 70. Rb5 Rh8 71. Kc7 Rh7+ 72.
Kc6 Rh8 73. Rb6 b2 74. a5 Rc8+ 75. Kb7+ Kd7 76. Rxb2 Rxc5 77. Rd2+ Ke7 78. a6
Rb5+ 79. Kc7 Rc5+ 80. Kb6 Rc1 81. Rb2 Kd7 82. a7 Rc6+ 83. Kb7 Rc7+ 84. Ka6 1-0

[Event "Bundesliga 9596"]
[Site "Deutschland"]
[Date "1996.??.??"]
[Round "?.2"]
[White "King, Daniel J"]
[Black "Siegel, Georg"]
[Result "1/2-1/2"]
[WhiteElo "2510"]
[BlackElo "2455"]
[PlyCount "42"]
[EventDate "1995.10.??"]
[EventType "team"]
[EventRounds "15"]
[EventCountry "GER"]
[SourceTitle "Bundesliga 9596"]
[Source "DeepChess"]
[SourceDate "2005.01.01"]
[SourceVersion "1"]
[SourceVersionDate "2005.01.01"]
[SourceQuality "1"]
[WhiteTeam "SV Castrop Rauxel 1923"]
[BlackTeam "SK Zaehringen 1921"]
[WhiteTeamCountry "GER"]
[BlackTeamCountry "GER"]

1. c4 e6 2. g3 d5 3. Bg2 Nf6 4. Nf3 Be7 5. O-O O-O 6. d4 dxc4 7. Qc2 a6 8. a4
Bd7 9. Qxc4 Bc6 10. Bg5 a5 11. Nc3 Bd5 12. Nxd5 exd5 13. Qb3 Ra7 14. Ne5 c6 15.
Rad1 Na6 16. Bxf6 Bxf6 17. e4 dxe4 18. Bxe4 Nb4 19. Rfe1 Ra8 20. Bg2 Qd6 21.
Nc4 Qc7 1/2-1/2

[Event "Bundesliga 9596"]
[Site "Deutschland"]
[Date "1996.??.??"]
[Round "?.3"]
[White "Mohr, Stefan"]
[Black "Hoffmann, Michael"]
[Result "1/2-1/2"]
[WhiteElo "2440"]
[BlackElo "2460"]
[PlyCount "58"]
[EventDate "1995.10.??"]
[EventType "team"]
[EventRounds "15"]
[EventCountry "GER"]
[SourceTitle "Bundesliga 9596"]
[Source "DeepChess"]
[SourceDate "2005.01.01"]
[SourceVersion "1"]
[SourceVersionDate "2005.01.01"]
[SourceQuality "1"]
[WhiteTeam "SK Zaehringen 1921"]
[BlackTeam "SV Castrop Rauxel 1923"]
[WhiteTeamCountry "GER"]
[BlackTeamCountry "GER"]

1. d4 Nf6 2. c4 g6 3. Nc3 d5 4. Nf3 Bg7 5. Qb3 dxc4 6. Qxc4 O-O 7. Bf4 c6 8. e4
a5 9. Be2 a4 10. a3 Bg4 11. h3 Bxf3 12. Bxf3 Nfd7 13. e5 Nb6 14. Qd3 Na6 15.
Rd1 Nc7 16. O-O Nbd5 17. Bg5 f6 18. exf6 exf6 19. Bd2 Rf7 20. Rfe1 f5 21. Nxd5
Nxd5 22. Bc3 Rd7 23. Qc4 Qf6 24. Re2 Qf7 25. Rde1 Bf6 26. g3 Kg7 27. Bxd5 Qxd5
28. Qxd5 cxd5 29. Re8 Rxe8 1/2-1/2

[Event "Bundesliga 9596"]
[Site "Deutschland"]
[Date "1996.??.??"]
[Round "?.4"]
[White "Libeau, Rene"]
[Black "Mann, Christian"]
[Result "0-1"]
[WhiteElo "2460"]
[BlackElo "2445"]
[PlyCount "74"]
[EventDate "1995.10.??"]
[EventType "team"]
[EventRounds "15"]
[EventCountry "GER"]
[SourceTitle "Bundesliga 9596"]
[Source "DeepChess"]
[SourceDate "2005.01.01"]
[SourceVersion "1"]
[SourceVersionDate "2005.01.01"]
[SourceQuality "1"]
[WhiteTeam "SV Castrop Rauxel 1923"]
[BlackTeam "SK Zaehringen 1921"]
[WhiteTeamCountry "GER"]
[BlackTeamCountry "GER"]

1. c4 g6 2. g3 Bg7 3. Bg2 Nf6 4. Nc3 O-O 5. e4 c5 6. Nge2 Nc6 7. O-O Ne8 8. d3
Nc7 9. Be3 Ne6 10. g4 Rb8 11. f4 Ned4 12. Ng3 b5 13. Rf2 bxc4 14. dxc4 Na5 15.
Bf1 Ba6 16. b3 Ndxb3 17. axb3 Bxc3 18. Rc1 Bg7 19. Ra2 d6 20. Bd2 Nxb3 21. Rxa6
Nxc1 22. Bxc1 Qd7 23. Bd3 Rb6 24. Ra2 Rfb8 25. f5 Bb2 26. Bd2 Bd4+ 27. Kh1 Rb2
28. Ra3 Qb7 29. Bc1 Rb3 30. Ra2 Be5 31. Ne2 e6 32. Nf4 Rb1 33. Ne2 Qb3 34. Qc2
Ra1 35. Rxa1 Bxa1 36. Nf4 Qxc2 37. Bxc2 Rb4 0-1

[Event "Bundesliga 9596"]
[Site "Deutschland"]
[Date "1996.??.??"]
[Round "?.5"]
[White "Brendel, Oliver"]
[Black "Appel, Ralf"]
[Result "1/2-1/2"]
[WhiteElo "2375"]
[BlackElo "2450"]
[PlyCount "103"]
[EventDate "1995.10.??"]
[EventType "team"]
[EventRounds "15"]
[EventCountry "GER"]
[SourceTitle "Bundesliga 9596"]
[Source "DeepChess"]
[SourceDate "2005.01.01"]
[SourceVersion "1"]
[SourceVersionDate "2005.01.01"]
[SourceQuality "1"]
[WhiteTeam "SK Zaehringen 1921"]
[BlackTeam "SV Castrop Rauxel 1923"]
[WhiteTeamCountry "GER"]
[BlackTeamCountry "GER"]

1. e4 g6 2. d4 Bg7 3. Nc3 c6 4. Bc4 d6 5. Qf3 e6 6. Nge2 d5 7. Bd3 Nd7 8. exd5
exd5 9. h4 Ndf6 10. Bg5 h6 11. Bf4 Bg4 12. Qe3+ Qe7 13. Qxe7+ Nxe7 14. Be5 O-O
15. f3 Bf5 16. Bxf5 Nxf5 17. Kf2 Nd7 18. Bxg7 Kxg7 19. g4 Nd6 20. Nf4 Nc4 21.
a4 a5 22. b3 Nd6 23. Rhe1 Rfe8 24. Nd3 Nf8 25. Ne2 Ne6 26. c3 f5 27. Ng3 fxg4
28. fxg4 Rf8+ 29. Kg2 Rae8 30. Re2 Nf4+ 31. Nxf4 Rxf4 32. Rxe8 Nxe8 33. Re1 Kf7
34. Rf1 Rxf1 35. Nxf1 Nf6 36. Kf3 Ne4 37. c4 b6 38. cxd5 cxd5 39. Ke2 Ke6 40.
Ne3 h5 41. gxh5 gxh5 42. Ng2 Ng3+ 43. Kf2 Nf5 44. Nf4+ Kd6 45. Nxh5 Nxd4 46.
Nf4 Nxb3 47. h5 Nc5 48. h6 Ne4+ 49. Ke3 Ng5 50. Kd4 Nf3+ 51. Kc3 Ng5 52. Kd4
1/2-1/2

[Event "Bundesliga 9596"]
[Site "Deutschland"]
[Date "1996.??.??"]
[Round "?.6"]
[White "Sehner, Norbert"]
[Black "Schmaltz, Roland"]
[Result "0-1"]
[WhiteElo "2420"]
[BlackElo "2455"]
[PlyCount "79"]
[EventDate "1995.10.??"]
[EventType "team"]
[EventRounds "15"]
[EventCountry "GER"]
[SourceTitle "Bundesliga 9596"]
[Source "DeepChess"]
[SourceDate "2005.01.01"]
[SourceVersion "1"]
[SourceVersionDate "2005.01.01"]
[SourceQuality "1"]
[WhiteTeam "SV Castrop Rauxel 1923"]
[BlackTeam "SK Zaehringen 1921"]
[WhiteTeamCountry "GER"]
[BlackTeamCountry "GER"]

1. c4 g6 2. g3 Bg7 3. Bg2 d6 4. Nc3 Nf6 5. e3 O-O 6. Nge2 e5 7. O-O Nc6 8. d3
Be6 9. Nd5 Qd7 10. Rb1 Bh3 11. Nec3 Bxg2 12. Kxg2 Ne8 13. b4 Nd8 14. b5 Ne6 15.
Ne2 f5 16. d4 c6 17. bxc6 bxc6 18. Qa4 Rd8 19. Nb4 f4 20. exf4 exf4 21. f3 fxg3
22. hxg3 c5 23. Qxd7 Rxd7 24. dxc5 dxc5 25. Nd5 Nd6 26. Rd1 Nd4 27. Nxd4 Bxd4
28. Bh6 Bg7 29. Bxg7 Kxg7 30. Nf4 Rf6 31. Rd5 Rc7 32. Re5 Nxc4 33. Re2 Rd7 34.
Rc1 Nb6 35. Rxc5 Kf7 36. Rce5 h6 37. Nh3 Nc4 38. R5e4 Nd2 39. R4e3 Ra6 40. a3
$138 0-1

[Event "Bundesliga 9596"]
[Site "Deutschland"]
[Date "1996.??.??"]
[Round "?.7"]
[White "Herbrechtsmeier, Christof"]
[Black "Dinstuhl, Volkmar"]
[Result "0-1"]
[WhiteElo "2330"]
[BlackElo "2355"]
[PlyCount "98"]
[EventDate "1995.10.??"]
[EventType "team"]
[EventRounds "15"]
[EventCountry "GER"]
[SourceTitle "Bundesliga 9596"]
[Source "DeepChess"]
[SourceDate "2005.01.01"]
[SourceVersion "1"]
[SourceVersionDate "2005.01.01"]
[SourceQuality "1"]
[WhiteTeam "SK Zaehringen 1921"]
[BlackTeam "SV Castrop Rauxel 1923"]
[WhiteTeamCountry "GER"]
[BlackTeamCountry "GER"]

1. e4 c5 2. Nf3 d6 3. d4 cxd4 4. Nxd4 Nf6 5. Nc3 a6 6. Be3 e5 7. Nf3 Qc7 8. a4
Be7 9. a5 O-O 10. Be2 Nbd7 11. O-O b5 12. axb6 Nxb6 13. Qd3 Rb8 14. Nd2 Bb7 15.
Bxb6 Qxb6 16. Nc4 Qc5 17. b3 Qd4 18. Ne3 Nxe4 19. Nf5 Qxc3 20. Nxe7+ Kh8 21.
Qxc3 Nxc3 22. Bxa6 d5 23. Rfe1 f6 24. f4 exf4 25. Bxb7 Rxb7 26. Ra5 Rd7 27. Rc5
Ne4 28. Rc8 Rxc8 29. Nxc8 f5 30. Rd1 d4 31. Nb6 Rd8 32. Nc4 Nc3 33. Rd3 Rd5 34.
h4 g6 35. Kf2 h6 36. Nd2 Nd1+ 37. Kf3 Nb2 38. Kxf4 Nxd3+ 39. cxd3 Kg7 40. g4
fxg4 41. Kxg4 Rf5 42. Nf3 Kf6 43. Kg3 Rb5 44. Kf4 Rxb3 45. Ke4 Rb4 46. Nxd4 g5
47. hxg5+ Kxg5 48. Ke5 h5 49. Ne6+ Kg4 0-1

[Event "Bundesliga 9596"]
[Site "Deutschland"]
[Date "1996.??.??"]
[Round "?.8"]
[White "Hennig, Dirk"]
[Black "Gruenenwald, Joerg"]
[Result "1/2-1/2"]
[WhiteElo "2355"]
[BlackElo "2295"]
[PlyCount "68"]
[EventDate "1995.10.??"]
[EventType "team"]
[EventRounds "15"]
[EventCountry "GER"]
[SourceTitle "Bundesliga 9596"]
[Source "DeepChess"]
[SourceDate "2005.01.01"]
[SourceVersion "1"]
[SourceVersionDate "2005.01.01"]
[SourceQuality "1"]
[WhiteTeam "SV Castrop Rauxel 1923"]
[BlackTeam "SK Zaehringen 1921"]
[WhiteTeamCountry "GER"]
[BlackTeamCountry "GER"]

1. d4 d6 2. Nf3 g6 3. g3 Bg7 4. Bg2 Nf6 5. O-O O-O 6. c4 c6 7. Nc3 Bg4 8. h3
Bxf3 9. Bxf3 Nbd7 10. Bg2 Re8 11. Rb1 Nb6 12. d5 cxd5 13. cxd5 Rc8 14. e4 Nfd7
15. Nb5 a6 16. Na3 Nc4 17. Nxc4 Rxc4 18. b3 Rc8 19. h4 Nf6 20. Bg5 Qa5 21. Qe2
h6 22. Bf4 Rc7 23. Rfe1 Rec8 24. Bh3 Nd7 25. Rbc1 Rxc1 26. Rxc1 Rxc1+ 27. Bxc1
Nc5 28. Kg2 Qb4 29. f3 h5 30. Bg5 Kf8 31. Be3 Bd4 32. Bd2 Bc3 33. Be3 Bd4 34.
Bd2 Bc3 1/2-1/2

[Event "Bundesliga 9596"]
[Site "Deutschland"]
[Date "1995.??.??"]
[Round "?.2"]
[White "Shirov, Alexei"]
[Black "Brendel, Oliver"]
[Result "1/2-1/2"]
[WhiteElo "2695"]
[BlackElo "2385"]
[PlyCount "56"]
[EventDate "1995.10.??"]
[EventType "team"]
[EventRounds "15"]
[EventCountry "GER"]
[SourceTitle "Bundesliga 9596"]
[Source "DeepChess"]
[SourceDate "2005.01.01"]
[SourceVersion "1"]
[SourceVersionDate "2005.01.01"]
[SourceQuality "1"]
[WhiteTeam "SV Empor Berlin e.V."]
[BlackTeam "SK Zaehringen 1921"]
[WhiteTeamCountry "GER"]
[BlackTeamCountry "GER"]

1. e4 c5 2. Nf3 g6 3. c4 Nc6 4. d4 cxd4 5. Nxd4 Nf6 6. Nc3 Nxd4 7. Qxd4 d6 8.
Be2 Bg7 9. Bg5 O-O 10. Qd2 Be6 11. O-O a6 12. Rac1 b5 13. cxb5 axb5 14. Bxb5
Bxa2 15. Bc6 Ra6 16. Nxa2 Rxa2 17. e5 dxe5 18. Qxd8 Rxd8 19. b4 h6 20. Be3 Nd5
21. Rfd1 e6 22. b5 Bf6 23. Bxh6 Kh7 24. Bxd5 Rxd5 25. Be3 Rxd1+ 26. Rxd1 Rb2
27. g4 Rxb5 28. g5 Bg7 1/2-1/2

[Event "Bundesliga 9596"]
[Site "Deutschland"]
[Date "1995.??.??"]
[Round "?.4"]
[White "Luther, Thomas"]
[Black "Vatter, Hans Joachim"]
[Result "1/2-1/2"]
[WhiteElo "2550"]
[BlackElo "2385"]
[PlyCount "86"]
[EventDate "1995.10.??"]
[EventType "team"]
[EventRounds "15"]
[EventCountry "GER"]
[SourceTitle "Bundesliga 9596"]
[Source "DeepChess"]
[SourceDate "2005.01.01"]
[SourceVersion "1"]
[SourceVersionDate "2005.01.01"]
[SourceQuality "1"]
[WhiteTeam "SV Empor Berlin e.V."]
[BlackTeam "SK Zaehringen 1921"]
[WhiteTeamCountry "GER"]
[BlackTeamCountry "GER"]

1. e4 c5 2. Nf3 Nc6 3. d4 cxd4 4. Nxd4 e5 5. Nb5 a6 6. Nd6+ Bxd6 7. Qxd6 Qe7 8.
Qxe7+ Ngxe7 9. Bd2 d5 10. Nc3 Be6 11. exd5 Nxd5 12. O-O-O O-O-O 13. Nxd5 Bxd5
14. b3 Rd6 15. f3 Rg6 16. h4 h6 17. Be3 Rd8 18. h5 Rf6 19. Bc5 Rf5 20. c4 Be6
21. Rxd8+ Nxd8 22. Be3 Bd7 23. Bd3 Rf6 24. Re1 Bf5 25. Bf1 Re6 26. Kb2 f6 27.
Kc3 Re8 28. g4 Bd7 29. Be2 Bc6 30. b4 Ne6 31. Bd1 Rd8 32. a4 Nd4 33. Bxd4 Rxd4
34. b5 Bd7 35. Bc2 Kc7 36. Bd3 a5 37. Re4 Rxe4 38. Bxe4 b6 39. c5 bxc5 40. Kc4
Kb6 41. Bf5 Be8 42. Bg6 Bd7 43. Bf5 Be8 1/2-1/2

[Event "Bundesliga 9596"]
[Site "Deutschland"]
[Date "1995.??.??"]
[Round "?.5"]
[White "Maier, Christian"]
[Black "Boensch, Uwe"]
[Result "1-0"]
[WhiteElo "2350"]
[BlackElo "2560"]
[PlyCount "99"]
[EventDate "1995.10.??"]
[EventType "team"]
[EventRounds "15"]
[EventCountry "GER"]
[SourceTitle "Bundesliga 9596"]
[Source "DeepChess"]
[SourceDate "2005.01.01"]
[SourceVersion "1"]
[SourceVersionDate "2005.01.01"]
[SourceQuality "1"]
[WhiteTeam "SK Zaehringen 1921"]
[BlackTeam "SV Empor Berlin e.V."]
[WhiteTeamCountry "GER"]
[BlackTeamCountry "GER"]

1. e4 c5 2. Nf3 d6 3. d4 cxd4 4. Nxd4 Nf6 5. Nc3 e6 6. g4 h6 7. h4 a6 8. Rg1 g6
9. g5 hxg5 10. Bxg5 Be7 11. Qd2 e5 12. Nf3 Be6 13. Bxf6 Bxf6 14. Ng5 Bxg5 15.
hxg5 Nc6 16. Nd5 Nd4 17. Bg2 Bxd5 18. exd5 Rh2 19. O-O-O Rc8 20. c3 Qd7 21. Be4
Qb5 22. Rge1 Qb6 23. Re3 Kf8 24. Kb1 Nf5 25. Rf3 Nh4 26. Rf6 Kg7 27. Rh1 Rxh1+
28. Bxh1 Rc4 29. Qe2 Rf4 30. Qxe5 dxe5 31. Rxb6 Rxf2 32. Be4 Nf5 33. Kc1 Ng3
34. Bd3 e4 35. Bc4 e3 36. d6 Rd2 37. Rxb7 Rxd6 38. Rxf7+ Kh8 39. Re7 Nf5 40.
Re6 Rd2 41. Rxg6 Rg2 42. Rg8+ Kh7 43. Re8 Rg1+ 44. Kc2 Rg2+ 45. Kb3 Rd2 46.
Bxa6 Kg6 47. Re5 Rd6 48. Bc8 Rb6+ 49. Kc2 Nd6 50. Be6 1-0

[Event "Bundesliga 9596"]
[Site "Deutschland"]
[Date "1995.??.??"]
[Round "?.6"]
[White "Tischbierek, Raj"]
[Black "Weidemann, Joerg"]
[Result "1-0"]
[WhiteElo "2495"]
[BlackElo "2310"]
[PlyCount "81"]
[EventDate "1995.10.??"]
[EventType "team"]
[EventRounds "15"]
[EventCountry "GER"]
[SourceTitle "Bundesliga 9596"]
[Source "DeepChess"]
[SourceDate "2005.01.01"]
[SourceVersion "1"]
[SourceVersionDate "2005.01.01"]
[SourceQuality "1"]
[WhiteTeam "SV Empor Berlin e.V."]
[BlackTeam "SK Zaehringen 1921"]
[WhiteTeamCountry "GER"]
[BlackTeamCountry "GER"]

1. e4 e6 2. d4 d5 3. Nc3 Bb4 4. e5 Ne7 5. a3 Ba5 6. Nf3 Bd7 7. Bd3 a6 8. b4 Bb6
9. O-O Nbc6 10. Ne2 Nf5 11. c3 Nh4 12. Nf4 Nxf3+ 13. Qxf3 g6 14. a4 Ne7 15. Nh3
h6 16. Qf6 Rh7 17. Bxh6 Ng8 18. Qxd8+ Kxd8 19. Bg5+ Kc8 20. a5 Ba7 21. Bf6 Be8
22. f4 Nxf6 23. exf6 Rh8 24. Ng5 c6 25. Rae1 Bb8 26. Rf3 Bc7 27. Ree3 Bd8 28.
Rh3 Rxh3 29. Rxh3 Bxf6 30. Rh7 Bxg5 31. fxg5 Kd8 32. h4 Rc8 33. g4 Rc7 34. h5
e5 35. dxe5 Re7 36. h6 Rxe5 37. Rg7 Re3 38. h7 Rh3 39. Kg2 Rh4 40. Kg3 Rh1 41.
Bf1 1-0

[Event "Bundesliga 9596"]
[Site "Deutschland"]
[Date "1995.??.??"]
[Round "?.7"]
[White "Herbrechtsmeier, Christof"]
[Black "Volke, Karsten"]
[Result "0-1"]
[WhiteElo "2330"]
[BlackElo "2450"]
[PlyCount "68"]
[EventDate "1995.10.??"]
[EventType "team"]
[EventRounds "15"]
[EventCountry "GER"]
[SourceTitle "Bundesliga 9596"]
[Source "DeepChess"]
[SourceDate "2005.01.01"]
[SourceVersion "1"]
[SourceVersionDate "2005.01.01"]
[SourceQuality "1"]
[WhiteTeam "SK Zaehringen 1921"]
[BlackTeam "SV Empor Berlin e.V."]
[WhiteTeamCountry "GER"]
[BlackTeamCountry "GER"]

1. e4 c5 2. Nf3 e6 3. d4 cxd4 4. Nxd4 Nf6 5. Nc3 d6 6. Be3 Be7 7. f3 O-O 8. Qd2
d5 9. exd5 Nxd5 10. Nxd5 Qxd5 11. Bd3 Bh4+ 12. g3 Bf6 13. Be4 Qc4 14. Qd3 Qxd3
15. Bxd3 Rd8 16. Nb5 Bxb2 17. Rd1 Nc6 18. f4 Bd7 19. Rb1 Bf6 20. Kf2 Ne7 21.
Nxa7 Nd5 22. Rxb7 Nxe3 23. Kxe3 Bd4+ 24. Kxd4 Bc6+ 25. Kc5 Bxb7 26. Rd1 Rxa7
27. Kb6 Rda8 28. a4 Bf3 29. Rf1 Rb7+ 30. Kc5 Rc8+ 31. Kd6 Bc6 32. Ke5 Rd7 33.
f5 f6+ 34. Kxe6 Re8# 0-1

[Event "Bundesliga 9596"]
[Site "Deutschland"]
[Date "1995.??.??"]
[Round "?.8"]
[White "Muse, Mladen"]
[Black "Mathonia, Claude"]
[Result "1/2-1/2"]
[WhiteElo "2445"]
[BlackElo "2210"]
[PlyCount "82"]
[EventDate "1995.10.??"]
[EventType "team"]
[EventRounds "15"]
[EventCountry "GER"]
[SourceTitle "Bundesliga 9596"]
[Source "DeepChess"]
[SourceDate "2005.01.01"]
[SourceVersion "1"]
[SourceVersionDate "2005.01.01"]
[SourceQuality "1"]
[WhiteTeam "SV Empor Berlin e.V."]
[BlackTeam "SK Zaehringen 1921"]
[WhiteTeamCountry "GER"]
[BlackTeamCountry "GER"]

1. d4 d5 2. c4 dxc4 3. e3 Nf6 4. Bxc4 e6 5. Nf3 a6 6. O-O c5 7. b3 Nc6 8. Bb2
Be7 9. Nbd2 O-O 10. Ne5 Bd7 11. Nxd7 Qxd7 12. dxc5 Rad8 13. Bc3 Bxc5 14. Bxf6
gxf6 15. Qg4+ Kh8 16. Qh4 Be7 17. Ne4 f5 18. Nf6 Bxf6 19. Qxf6+ Kg8 20. f4 Qe7
21. Qc3 Qb4 22. Qf6 Qe7 23. Qh6 Kh8 24. Rac1 Rg8 25. Rf2 Nb4 26. Qh5 Qc5 27.
Qxf7 Rgf8 28. Qxb7 Nd3 29. Rd1 Nxf2 30. Rxd8 Nh3+ 31. Kf1 Rxd8 32. Qf7 Rf8 33.
Qxe6 Ng5 34. fxg5 f4 35. e4 f3 36. g3 Qxg5 37. Qd5 Qf6 38. Qd2 f2 39. Qd1 Qb2
40. a4 a5 41. Be2 h5 1/2-1/2

[Event "Bundesliga 9596"]
[Site "Deutschland"]
[Date "1996.??.??"]
[Round "?.1"]
[White "Rozentalis, Eduardas"]
[Black "Horvath, Tamas"]
[Result "1-0"]
[WhiteElo "2605"]
[BlackElo "2410"]
[PlyCount "117"]
[EventDate "1995.10.??"]
[EventType "team"]
[EventRounds "15"]
[EventCountry "GER"]
[SourceTitle "Bundesliga 9596"]
[Source "DeepChess"]
[SourceDate "2005.01.01"]
[SourceVersion "1"]
[SourceVersionDate "2005.01.01"]
[SourceQuality "1"]
[WhiteTeam "SK Zaehringen 1921"]
[BlackTeam "SV Tuebingen 1870 e.V."]
[WhiteTeamCountry "GER"]
[BlackTeamCountry "GER"]

1. e4 c5 2. Nf3 e6 3. c3 d5 4. e5 d4 5. Bb5+ Bd7 6. Bxd7+ Qxd7 7. cxd4 cxd4 8.
O-O Ne7 9. d3 Nbc6 10. Re1 Ng6 11. Re4 Bc5 12. Qe2 Bb6 13. Na3 Qd5 14. Nc4 Bc7
15. a4 O-O 16. h4 f5 17. exf6 gxf6 18. Bh6 Rfe8 19. Re1 Re7 20. Rxe6 Rxe6 21.
Qxe6+ Qxe6 22. Rxe6 Kf7 23. Re1 Rd8 24. Bd2 Rd5 25. g3 Bd6 26. h5 Nf8 27. Nxd6+
Rxd6 28. b4 Nd7 29. Rc1 Nce5 30. Nxe5+ Nxe5 31. Rc7+ Rd7 32. Rxd7+ Nxd7 33. Kf1
f5 34. Bf4 Ke6 35. Ke2 Nb6 36. a5 Nd5 37. Bb8 Nxb4 38. Bxa7 Kd5 39. Bb6 Ke5 40.
f3 Nc6 41. Kd2 Kf6 42. Kc2 Kg5 43. Kb3 f4 44. g4 Kh4 45. Bc7 Kg3 46. g5 Ne7 47.
Kc4 Kxf3 48. Kc5 Kg4 49. Bxf4 Kxf4 50. Kb6 Ke3 51. Kxb7 Kxd3 52. a6 Kc2 53. a7
d3 54. a8=Q d2 55. Qa4+ Kc1 56. Qc4+ Kb2 57. Qd3 Kc1 58. Qc3+ Kd1 59. Qc5 1-0

[Event "Bundesliga 9596"]
[Site "Deutschland"]
[Date "1996.??.??"]
[Round "?.2"]
[White "Palkovi, Jozsef"]
[Black "Siegel, Georg"]
[Result "1/2-1/2"]
[WhiteElo "2480"]
[BlackElo "2455"]
[PlyCount "56"]
[EventDate "1995.10.??"]
[EventType "team"]
[EventRounds "15"]
[EventCountry "GER"]
[SourceTitle "Bundesliga 9596"]
[Source "DeepChess"]
[SourceDate "2005.01.01"]
[SourceVersion "1"]
[SourceVersionDate "2005.01.01"]
[SourceQuality "1"]
[WhiteTeam "SV Tuebingen 1870 e.V."]
[BlackTeam "SK Zaehringen 1921"]
[WhiteTeamCountry "GER"]
[BlackTeamCountry "GER"]

1. e4 c5 2. c3 Nf6 3. e5 Nd5 4. Nf3 Nc6 5. d4 cxd4 6. Bc4 Nb6 7. Bb3 d5 8. exd6
Qxd6 9. O-O Be6 10. Bxe6 Qxe6 11. Nxd4 Qd5 12. Be3 Nc4 13. Nd2 Nxe3 14. fxe3 e6
15. c4 Qd7 16. Ne4 O-O-O 17. Qe2 Nxd4 18. exd4 Qxd4+ 19. Kh1 f5 20. Ng5 Qf6 21.
Qxe6+ Qxe6 22. Nxe6 Re8 23. Rae1 Bb4 24. Re2 g6 25. a3 Bd6 26. Rd1 Kd7 27. Nc5+
Kc6 28. Ne6 Kd7 1/2-1/2

[Event "Bundesliga 9596"]
[Site "Deutschland"]
[Date "1996.??.??"]
[Round "?.3"]
[White "Mohr, Stefan"]
[Black "Kraut, Rainer"]
[Result "0-1"]
[WhiteElo "2440"]
[BlackElo "2445"]
[PlyCount "82"]
[EventDate "1995.10.??"]
[EventType "team"]
[EventRounds "15"]
[EventCountry "GER"]
[SourceTitle "Bundesliga 9596"]
[Source "DeepChess"]
[SourceDate "2005.01.01"]
[SourceVersion "1"]
[SourceVersionDate "2005.01.01"]
[SourceQuality "1"]
[WhiteTeam "SK Zaehringen 1921"]
[BlackTeam "SV Tuebingen 1870 e.V."]
[WhiteTeamCountry "GER"]
[BlackTeamCountry "GER"]

1. d4 d5 2. c4 dxc4 3. e4 Nc6 4. Be3 Nf6 5. Nc3 e5 6. d5 Ne7 7. Bxc4 Ng6 8.
Bb5+ Nd7 9. Qd2 a6 10. Bd3 Bd6 11. Nge2 O-O 12. f3 b5 13. O-O Nc5 14. Bc2 Bd7
15. Rac1 b4 16. Nd1 Bb5 17. Re1 Qb8 18. Bb1 Nd7 19. Ng3 Ne7 20. Nf2 a5 21. Bd3
Rc8 22. Red1 Qb7 23. Ng4 Bxd3 24. Qxd3 Kh8 25. Bf2 Kg8 26. Ne3 g6 27. Nc4 Rd8
28. Nf1 Nc8 29. Nxd6 cxd6 30. Rc6 Nb8 31. Rc2 Na6 32. Rdc1 Na7 33. Nd2 a4 34.
Nc4 b3 35. axb3 Nb4 36. Qe3 Nxc2 37. Rxc2 Qxb3 38. Qc1 Nb5 39. Bh4 Nd4 40. Bf6
Qxc2 41. Qh6 Qc1+ 0-1